[Event "36. Open Ciudad de San Sebastián"]
[Site "San Sebastian ESP"]
[Date "2013.03.24"]
[Round "3.16"]
[White "Silva Rodriguez, Julio"]
[Black "Segovia Sanchez, Antonio"]
[Result "1-0"]
[WhiteElo "2141"]
[BlackElo "2018"]
[PlyCount "67"]
[EventDate "2013.03.23"]
[EventType "swiss"]
[EventRounds "9"]
[EventCountry "ESP"]
[Source "lmi"]
[SourceDate "2013.03.23"]

1. e4 g6 2. d4 Bg7 3. Nf3 d6 4. Be2 c6 5. O-O Bg4 6. h3 Bxf3 7. Bxf3 Nd7 8. a4
e5 9. d5 c5 10. Na3 Nh6 11. Nb5 Qb8 12. Bg5 f6 13. Bxh6 Bxh6 14. Bg4 Nf8 15.
Qf3 Qd8 16. Rfb1 Bg5 17. b4 h5 18. Be6 b6 19. bxc5 bxc5 20. Nc3 Rh7 21. h4 Bxh4
22. Qh3 Bg5 23. Rb3 Rb8 24. Rab1 Rb6 25. Nb5 Nd7 26. a5 Ra6 27. Bxd7+ Rxd7 28.
Nxa7 Kf7 29. Nc6 Qc7 30. Nb8 Ra7 31. Nxd7 Qxd7 32. Qxd7+ Rxd7 33. Rb7 Ke7 34.
a6 1-0

[Event "36. Open Ciudad de San Sebastián"]
[Site "San Sebastian ESP"]
[Date "2013.03.26"]
[Round "5.4"]
[White "Hernandez, Elvis"]
[Black "Pogorelov, Ruslan"]
[Result "1/2-1/2"]
[WhiteElo "2288"]
[BlackElo "2403"]
[PlyCount "156"]
[EventDate "2013.03.23"]
[EventType "swiss"]
[EventRounds "9"]
[EventCountry "ESP"]
[Source "lmi"]
[SourceDate "2013.03.23"]

1. e4 c5 2. Nf3 e6 3. c3 Nf6 4. e5 Nd5 5. d4 cxd4 6. cxd4 d6 7. Bc4 Nb6 8. Bd3
dxe5 9. dxe5 Na6 10. Qe2 Nc5 11. Bc2 Nd5 12. O-O Bd7 13. Nc3 Nxc3 14. bxc3 Qa5
15. Rd1 Be7 16. Rb1 Ba4 17. Bg5 Bxg5 18. Nxg5 h6 19. Bxa4+ Qxa4 20. Rb4 Qa6 21.
Qe3 Rc8 22. Nf3 O-O 23. Rg4 f5 24. exf6 Rxf6 25. Qe5 Kh7 26. h4 Qxa2 27. Qh5
Qc2 28. Rdd4 Qb1+ 29. Kh2 b6 30. Rdf4 Rcf8 31. Rxf6 Rxf6 32. Qe8 Qf5 33. Rg3
Ne4 34. Rh3 Qf4+ 35. Kg1 Qc1+ 36. Kh2 Qf4+ 37. Kg1 Rg6 38. h5 Rf6 39. Qa4 Qc1+
40. Kh2 Qf4+ 41. Kg1 Ng5 42. Qc2+ Qf5 43. Nxg5+ hxg5 44. Qa2 Qc5 45. h6 gxh6
46. Qxa7+ Kg6 47. Qa2 Qd5 48. Qc2+ Qf5 49. Qe2 g4 50. Re3 h5 51. Re5 Qf4 52.
Rxe6 Rxe6 53. Qxe6+ Qf6 54. Qg8+ Kh6 55. Qc4 Qd6 56. Qe2 Kg7 57. g3 Kf6 58. Qe3
Qc5 59. Qd3 Ke5 60. Qg6 Kd5 61. Qxh5+ Kc4 62. Qxg4+ Kxc3 63. Qf3+ Kc2 64. Qe2+
Kc3 65. Qe1+ Kc2 66. Qe4+ Kc3 67. Qb1 Kd2 68. Qb2+ Ke1 69. g4 b5 70. Qb1+ Kd2
71. Kg2 b4 72. Qb2+ Kd3 73. Qb1+ Kd4 74. Qd1+ Ke5 75. Qe2+ Kd6 76. f3 Qc3 77.
Qa6+ Ke5 78. Qe2+ Kd4 1/2-1/2

[Event "36. Open Ciudad de San Sebastián"]
[Site "San Sebastian ESP"]
[Date "2013.03.26"]
[Round "5.5"]
[White "Guerra Bastida, Diego"]
[Black "Osmolny, Vladimir I"]
[Result "1/2-1/2"]
[WhiteElo "2401"]
[BlackElo "2180"]
[PlyCount "65"]
[EventDate "2013.03.23"]
[EventType "swiss"]
[EventRounds "9"]
[EventCountry "ESP"]
[Source "lmi"]
[SourceDate "2013.03.23"]

1. e4 c5 2. Nf3 Nf6 3. e5 Nd5 4. c3 e6 5. g3 d6 6. exd6 Bxd6 7. Bg2 Nc6 8. O-O
O-O 9. d4 cxd4 10. Nxd4 Bc5 11. Nb3 Bb6 12. Qe2 a5 13. a4 Re8 14. Na3 Bd7 15.
Nb5 Qe7 16. Re1 Rac8 17. Nd2 f5 18. Nc4 Bc5 19. Qd3 Rcd8 20. Ne3 Nxe3 21. Bxe3
Bxe3 22. Qxe3 e5 23. Nc7 Rf8 24. Nd5 Qd6 25. Qb6 e4 26. Rad1 Bc8 27. c4 Kh8 28.
Ne3 Qb4 29. Qb5 Qxb5 30. axb5 Ne5 31. Nd5 Nd3 32. Rxd3 exd3 33. Rd1 1/2-1/2

[Event "36. Open Ciudad de San Sebastián"]
[Site "San Sebastian ESP"]
[Date "2013.03.29"]
[Round "8.4"]
[White "Moreno Ruiz, Javier"]
[Black "Velten, Paul"]
[Result "1/2-1/2"]
[WhiteElo "2495"]
[BlackElo "2385"]
[PlyCount "157"]
[EventDate "2013.03.23"]
[EventType "swiss"]
[EventRounds "9"]
[EventCountry "ESP"]
[Source "lmi"]
[SourceDate "2013.03.23"]

1. d4 d5 2. c4 dxc4 3. Nf3 Nf6 4. e3 Bg4 5. Bxc4 e6 6. h3 Bh5 7. O-O Nc6 8. Be2
Bd6 9. Nbd2 O-O 10. Nc4 Nd5 11. Bd2 Nb6 12. Nxd6 cxd6 13. b4 d5 14. b5 Bxf3 15.
Bxf3 Ne7 16. Bb4 Qd7 17. Qb3 Rfc8 18. Rfc1 Nf5 19. Be2 Nd6 20. a4 Nbc4 21. Rc2
Rc7 22. Rac1 Rac8 23. Bd3 b6 24. Rc3 f5 25. R3c2 h6 26. Bf1 Kh7 27. f3 Kh8 28.
Qd3 Ne8 29. Be1 Ncd6 30. Bg3 Kg8 31. Qb3 Kf7 32. Bd3 Ke7 33. Be5 Rxc2 34. Rxc2
Rxc2 35. Qxc2 Nf7 36. Bb8 Qb7 37. Bf4 Ned6 38. h4 g5 39. Bg3 Kd7 40. Kf2 Qc8
41. Qxc8+ Kxc8 42. Ke2 Kd7 43. Kd2 Ke7 44. Kc3 Kd7 45. Kb4 Ke7 46. a5 Kd7 47.
h5 Ke7 48. Bh2 Kd7 49. g4 Kc8 50. a6 Kd7 51. Bg3 fxg4 52. fxg4 Kc8 53. Bg6 Kd7
54. Kb3 Kc8 55. Kc2 Kd7 56. Kd3 Kc8 57. e4 dxe4+ 58. Ke3 Kd7 59. Bxf7 Nxf7 60.
Kxe4 Nd6+ 61. Ke5 Ke7 62. d5 Nxb5 63. dxe6 Nc7 64. Kf5 Nxa6 65. Kg6 Kxe6 66.
Kxh6 Kf6 67. Kh7 Kf7 68. Kh6 Nc5 69. Bb8 Ne4 70. Bxa7 b5 71. Bd4 b4 72. Ba1 b3
73. Bd4 Nd2 74. Bc3 Nc4 75. Kxg5 b2 76. Bxb2 Nxb2 77. Kh6 Nc4 78. Kh7 Kf6 79.
Kg8 1/2-1/2

[Event "36. Open Ciudad de San Sebastián"]
[Site "San Sebastian ESP"]
[Date "2013.03.29"]
[Round "8.5"]
[White "Alonso Rosell, Alvar"]
[Black "Gagarin, Vasilij"]
[Result "1-0"]
[WhiteElo "2552"]
[BlackElo "2321"]
[PlyCount "97"]
[EventDate "2013.03.23"]
[EventType "swiss"]
[EventRounds "9"]
[EventCountry "ESP"]
[Source "lmi"]
[SourceDate "2013.03.23"]

1. d4 d5 2. c4 c6 3. Nf3 Nf6 4. Nc3 dxc4 5. a4 e6 6. e3 c5 7. Bxc4 Nc6 8. O-O
cxd4 9. exd4 Be7 10. Qe2 O-O 11. Rd1 Nb4 12. a5 a6 13. Ne5 Bd7 14. Bf4 Nfd5 15.
Bd2 Bc6 16. Bb3 Rc8 17. Nxc6 Rxc6 18. Qf3 Bg5 19. Be1 Qf6 20. Qg4 Qf4 21. Qe2
Rd8 22. g3 Qb8 23. Ne4 Be7 24. Ra4 b5 25. axb6 Rxb6 26. Bc4 h6 27. Nc5 Bf6 28.
b3 Nc7 29. Bc3 Nc6 30. Qe4 Nb5 31. Ba1 Nbxd4 32. Nxa6 Qd6 33. Kg2 e5 34. Bb2
Ne7 35. Ba3 Qc6 36. Nc5 Qxe4+ 37. Nxe4 Ng6 38. Ra7 Nh8 39. f4 Rdb8 40. Bc5 Rxb3
41. Bxb3 Nxb3 42. Bd6 Rd8 43. f5 h5 44. Rf1 Nd4 45. Nxf6+ gxf6 46. Be7 Nc6 47.
Bxd8 Nxa7 48. Bxf6 Nc6 49. Rc1 1-0